Online
Catalog

Burgueses y Proletarios : (Record no. 42147)

MARC details
000 -CABECERA
campo de control de longitud fija 00570nam a2200169 a 4500
001 - NÚMERO DE CONTROL
campo de control 000042658
005 - FECHA Y HORA DE LA ÚLTIMA TRANSACCIÓN
campo de control 20201002040315.0
008 - DATOS DE LONGITUD FIJA--INFORMACIÓN GENERAL
campo de control de longitud fija 140204s1973 sp 000 0 spa d
020 ## - NÚMERO INTERNACIONAL ESTÁNDAR DEL LIBRO
Número Internacional Estándar del Libro 8472224597
040 ## - FUENTE DE LA CATALOGACIÓN
Centro catalogador/agencia de origen DO-SdBNP
Lengua de catalogación spa
Centro/agencia transcriptor BNPHU
082 ## - NÚMERO DE LA CLASIFICACIÓN DECIMAL DEWEY
Número de clasificación xxxxxx
Número de documento/Ítem xxxxxx
100 1# - ENTRADA PRINCIPAL--NOMBRE DE PERSONA
Nombre de persona Elorza, Antonio
9 (RLIN) 69941
245 10 - MENCIÓN DE TÍTULO
Título Burgueses y Proletarios :
Resto del título clase obrera y reforma social en la restauración (1884-1889) /
Mención de responsabilidad, etc. Antonio Elorza, María del Carmen Iglesias.
260 ## - PUBLICACIÓN, DISTRIBUCIÓN, ETC.
Lugar de publicación, distribución, etc. España, :
Nombre del editor, distribuidor, etc. Laia,
Fecha de publicación, distribución, etc. 1973.
300 ## - DESCRIPCIÓN FÍSICA
Extensión 464 p. ;
Dimensiones 20 cm.
700 1# - PUNTO DE ACCESO ADICIONAL--NOMBRE DE PERSONA
Nombre de persona Iglesias, María del Carmen
9 (RLIN) 69942
Holdings
Estado de retiro Estado de pérdida Restricciones de uso No para préstamo Código de colección Localización permanente Ubicación/localización actual Ubicación en estantería Fecha de adquisición Número de inventario Total de préstamos Signatura topográfica completa Código de barras Fecha visto por última vez Precio válido a partir de Tipo de ítem Koha
      Excluido de préstamo Monografías: Libros y Folletos General General Depósito 04.02.2014 LF1   xxxxxx xxxxxx 42658-10 25.06.2020 25.06.2020 No se presta

Powered by Koha